[Event "FICGS rapid A 000110 email"]
[Site "FICGS email"]
[Date "2011.07.16"]
[Round "1"]
[White "Domingo Gadea, Jordi"]
[Black "Velasco, Josep"]
[Result "1/2-1/2"]
[WhiteElo "1920"]
[BlackElo "1948"]
[PlyCount "96"]
[EventDate "2011.??.??"]
[EventType "tourn (rapid)"]
[EventRounds "6"]
[SourceTitle "Corr 2013"]
[Source "ChessBase"]
[SourceDate "2012.11.12"]
[SourceVersion "1"]
[SourceVersionDate "2012.11.12"]
[SourceQuality "1"]

1. e4 c5 2. Nf3 d6 3. d4 cxd4 4. Nxd4 Nf6 5. Nc3 a6 6. Be3 e5 7. Nb3 Be6 8. f3 h5 9. Qd2 Be7 10. 0-0-0 Nbd7 11. Kb1 b5 12. Nd5 Bxd5 13. exd5 Nb6 14. Bxb6 Qxb6 15. Na5 Rc8 16. Nc6 Nxd5 17. Nxe7 Nxe7 18. Qxd6 Qxd6 19. Rxd6 Nc6 20. c3 Ke7 21. Rd1 Nd8 22. Bd3 Ne6 23. Rhe1 Kf6 24. a4 bxa4 25. Bxa6 Rc5 26. Re3 Rb8 27. Ka2 g6 28. Rd2 h4 29. Be2 Nf4 30. Bd1 Rd5 31. Rxd5 Nxd5 32. Re2 Nb6 33. Re4 Rd8 34. Bxa4 Nxa4 35. Rxa4 Rd2 36. Rxh4 Rxg2 37. Ka3 Rf2 38. b4 Rxf3 39. Rc4 Rf4 40. Rc6+ Ke7 41. b5 Kd7 42. Kb3 e4 43. Kc4 Rf5 44. Ra6 g5 45. Ra7+ Kd6 46. Ra6+ Kd7 47. Ra7+ Kd6 48. Ra6+ Kd7 1/2-1/2

[Event "FICGS rapid A 000110 email"]
[Site "FICGS email"]
[Date "2011.07.16"]
[Round "1"]
[White "Velasco, Josep"]
[Black "Biryukov, Sergey"]
[Result "1-0"]
[WhiteElo "1948"]
[BlackElo "2000"]
[PlyCount "27"]
[EventDate "2011.??.??"]
[EventType "tourn (rapid)"]
[EventRounds "6"]
[SourceTitle "Corr 2013"]
[Source "ChessBase"]
[SourceDate "2012.11.12"]
[SourceVersion "1"]
[SourceVersionDate "2012.11.12"]
[SourceQuality "1"]

1. d4 d5 2. c4 dxc4 3. Nf3 Nf6 4. e3 Nc6 5. Bxc4 e6 6. Nc3 Bb4 7. 0-0 Bxc3 8. bxc3 0-0 9. Qc2 Re8 10. e4 a6 11. e5 Nd5 12. Ng5 g6 13. Ne4 Bd7 14. Bxd5 1-0

[Event "FICGS class C 000151 email"]
[Site "FICGS email"]
[Date "2011.07.16"]
[Round "1"]
[White "Velasco, Josep"]
[Black "Duenas, Alexis"]
[Result "1/2-1/2"]
[WhiteElo "1948"]
[BlackElo "1980"]
[PlyCount "67"]
[EventDate "2011.??.??"]
[EventType "tourn (corr)"]
[EventRounds "6"]
[SourceTitle "Corr 2013"]
[Source "ChessBase"]
[SourceDate "2012.11.12"]
[SourceVersion "1"]
[SourceVersionDate "2012.11.12"]
[SourceQuality "1"]

1. d4 d5 2. c4 e6 3. Nf3 Nf6 4. Nc3 Be7 5. Bg5 h6 6. Bh4 0-0 7. e3 b6 8. Be2 Bb7 9. Bxf6 Bxf6 10. cxd5 exd5 11. 0-0 Re8 12. b4 c6 13. Qb3 a6 14. a4 Qd6 15. Ne1 Nd7 16. Bf3 Bd8 17. Nd3 Bc7 18. g3 Nf6 19. Rfd1 Rab8 20. b5 axb5 21. axb5 c5 22. dxc5 bxc5 23. Nf4 d4 24. Bxb7 Rxb7 25. exd4 cxd4 26. Ncd5 Nxd5 27. Nxd5 Bb6 28. Re1 Rd8 29. Nxb6 Qxb6 30. Re5 d3 31. Rd1 d2 32. Rd5 Rxd5 33. Qxd5 Qxb5 34. Qxb5 1/2-1/2

[Event "FICGS rapid A 000109 email"]
[Site "FICGS email"]
[Date "2011.07.06"]
[Round "1"]
[White "Nudo, Davide"]
[Black "Velasco, Josep"]
[Result "0-1"]
[WhiteElo "2000"]
[BlackElo "1948"]
[PlyCount "20"]
[EventDate "2011.??.??"]
[EventType "tourn (rapid)"]
[EventRounds "6"]
[SourceTitle "Corr 2013"]
[Source "ChessBase"]
[SourceDate "2012.11.12"]
[SourceVersion "1"]
[SourceVersionDate "2012.11.12"]
[SourceQuality "1"]

1. c4 c5 2. Nc3 Nc6 3. g3 g6 4. Nf3 Bg7 5. Bg2 Nf6 6. 0-0 0-0 7. d4 cxd4 8. Nxd4 Nxd4 9. Qxd4 d6 10. Qh4 Be6 0-1

[Event "FICGS rapid A 000106 email"]
[Site "FICGS email"]
[Date "2011.06.06"]
[Round "1"]
[White "Wolf, Bernd"]
[Black "Velasco, Josep"]
[Result "1/2-1/2"]
[WhiteElo "1966"]
[BlackElo "1903"]
[PlyCount "60"]
[EventDate "2011.??.??"]
[EventType "tourn (rapid)"]
[EventRounds "6"]
[SourceTitle "Corr 2013"]
[Source "ChessBase"]
[SourceDate "2012.11.12"]
[SourceVersion "1"]
[SourceVersionDate "2012.11.12"]
[SourceQuality "1"]

1. e4 c5 2. Nf3 d6 3. Bb5+ Bd7 4. Bxd7+ Qxd7 5. c4 Nc6 6. Nc3 Nf6 7. d4 cxd4 8. Nxd4 g6 9. f3 Bg7 10. Be3 0-0 11. 0-0 a6 12. a4 Qc7 13. b3 Rfc8 14. Nd5 Nxd5 15. exd5 Bxd4 16. Bxd4 Nxd4 17. Qxd4 Qd8 18. a5 Rab8 19. Rfe1 b6 20. axb6 Qxb6 21. Qxb6 Rxb6 22. Ra3 Rc7 23. Re3 Kg7 24. Kf2 Kf6 25. Ke2 e6 26. dxe6 fxe6 27. Kd2 d5 28. Kc3 Rbc6 29. Ra4 Rb7 30. h4 Rcb6 1/2-1/2

[Event "FICGS class B 000147 email"]
[Site "FICGS email"]
[Date "2011.06.01"]
[Round "1"]
[White "Kuster, Zeljko"]
[Black "Velasco, Josep"]
[Result "1-0"]
[WhiteElo "2000"]
[BlackElo "1903"]
[PlyCount "37"]
[EventDate "2011.??.??"]
[EventType "tourn (corr)"]
[EventRounds "5"]
[SourceTitle "Corr 2013"]
[Source "ChessBase"]
[SourceDate "2012.11.12"]
[SourceVersion "1"]
[SourceVersionDate "2012.11.12"]
[SourceQuality "1"]

1. c4 e5 2. g3 Nc6 3. Bg2 Nf6 4. Nc3 Bc5 5. a3 d6 6. e3 0-0 7. Nge2 Bb6 8. 0-0 Bg4 9. h3 Bd7 10. b4 a5 11. b5 Ne7 12. d4 Qc8 13. Kh2 Be6 14. Qd3 exd4 15. exd4 h6 16. g4 c6 17. g5 hxg5 18. Bxg5 Nh7 19. Bxe7 1-0

[Event "FICGS rapid B 000179 email"]
[Site "FICGS email"]
[Date "2011.03.13"]
[Round "1"]
[White "Chang, Henk"]
[Black "Velasco, Josep"]
[Result "0-1"]
[WhiteElo "1800"]
[BlackElo "1836"]
[PlyCount "52"]
[EventDate "2011.??.??"]
[EventType "tourn (rapid)"]
[EventRounds "6"]
[SourceTitle "Corr 2013"]
[Source "ChessBase"]
[SourceDate "2012.11.12"]
[SourceVersion "1"]
[SourceVersionDate "2012.11.12"]
[SourceQuality "1"]

1. e4 c5 2. Nf3 d6 3. d4 cxd4 4. Nxd4 Nf6 5. Nc3 a6 6. Bc4 e6 7. 0-0 Be7 8. f4 b5 9. Bb3 Bb7 10. Qe2 b4 11. Na4 0-0 12. f5 e5 13. Nf3 Bxe4 14. h3 Bc6 15. g4 Qa5 16. a3 Bxa4 17. axb4 Bb5 18. bxa5 Bxe2 19. Rf2 Bb5 20. Be3 h6 21. Rg2 Nbd7 22. h4 Bc6 23. Kf2 Rab8 24. g5 hxg5 25. hxg5 Ne4+ 26. Ke2 Ndc5 0-1

[Event "FICGS class B 000140 email"]
[Site "FICGS email"]
[Date "2011.03.02"]
[Round "1"]
[White "Schutte, John"]
[Black "Velasco, Josep"]
[Result "1-0"]
[WhiteElo "2020"]
[BlackElo "1836"]
[PlyCount "111"]
[EventDate "2011.??.??"]
[EventType "tourn (corr)"]
[EventRounds "5"]
[SourceTitle "Corr 2013"]
[Source "ChessBase"]
[SourceDate "2012.11.12"]
[SourceVersion "1"]
[SourceVersionDate "2012.11.12"]
[SourceQuality "1"]

1. e4 e5 2. Nf3 Nc6 3. Bb5 Nf6 4. 0-0 Nxe4 5. d4 Nd6 6. Bxc6 dxc6 7. dxe5 Nf5 8. Qxd8+ Kxd8 9. Rd1+ Ke8 10. Nc3 Ne7 11. h3 h6 12. Bf4 Ng6 13. Bh2 Bb4 14. Ne2 Bc5 15. Nfd4 Ke7 16. e6 Bxe6 17. Bxc7 Rhe8 18. Nxe6 Kxe6 19. Rd2 Bb6 20. Bxb6 axb6 21. Ng3 Nf4 22. Rad1 Kf6 23. a3 Re7 24. Rd6+ Ne6 25. h4 g5 26. h5 g4 27. R1d4 Kg5 28. Re4 Ra5 29. c4 Rc7 30. Rd3 Ng7 31. b4 Ra8 32. Re5+ Kf6 33. Ree3 Kg5 34. Rd6 Ne6 35. Kh2 Kf6 36. f4 gxf3 37. Rxf3+ Kg7 38. Nf5+ Kh7 39. Rfd3 Rh8 40. Rd7 Rhc8 41. a4 Rxd7 42. Rxd7 Rc7 43. Rxc7 Nxc7 44. Nd6 b5 45. cxb5 cxb5 46. a5 Kg7 47. Kg3 Kf6 48. Nxb7 Na6 49. Nd6 Nxb4 50. Nxb5 Ke5 51. Na3 f5 52. Nc2 Na6 53. Kf3 Nc7 54. Nb4 Nb5 55. a6 Na7 56. g3 1-0

[Event "FICGS class B 000140 email"]
[Site "FICGS email"]
[Date "2011.03.02"]
[Round "1"]
[White "Velasco, Josep"]
[Black "Kasznia, Ireneusz"]
[Result "0-1"]
[WhiteElo "1836"]
[BlackElo "1855"]
[PlyCount "96"]
[EventDate "2011.??.??"]
[EventType "tourn (corr)"]
[EventRounds "5"]
[SourceTitle "Corr 2013"]
[Source "ChessBase"]
[SourceDate "2012.11.12"]
[SourceVersion "1"]
[SourceVersionDate "2012.11.12"]
[SourceQuality "1"]

1. d4 Nf6 2. c4 e6 3. Nf3 d5 4. Bg5 Be7 5. Nc3 0-0 6. e3 h6 7. Bh4 b6 8. Be2 Bb7 9. Bxf6 Bxf6 10. cxd5 exd5 11. Qb3 c6 12. 0-0 Na6 13. Qa3 Nc7 14. Ne5 Bxe5 15. dxe5 c5 16. f4 f6 17. exf6 Rxf6 18. Rae1 d4 19. Rd1 Qe8 20. exd4 cxd4 21. Bc4+ Kh8 22. Ne2 b5 23. Bd3 Nd5 24. Rde1 Qe3+ 25. Kh1 b4 26. Qb3 Re8 27. h3 a5 28. Kh2 Qe7 29. Bb5 Ne3 30. Rg1 Rg6 31. Bxe8 Rxg2+ 32. Rxg2 Nxg2 33. Qf7 Qxf7 34. Bxf7 d3 35. Ng3 Nxe1 36. Nf1 g5 37. Kg3 gxf4+ 38. Kxf4 Bg2 39. Nd2 Bxh3 40. Ke3 Kg7 41. Bd5 Kf6 42. Nc4 Ng2+ 43. Kd2 h5 44. Be4 h4 45. Kxd3 Bf5 46. Nd6 Bxe4+ 47. Kxe4 Ne1 48. Ke3 h3 0-1

[Event "FICGS class B 000138 email"]
[Site "FICGS email"]
[Date "2011.02.09"]
[Round "1"]
[White "Simashkevitch, Mykola"]
[Black "Velasco, Josep"]
[Result "0-1"]
[WhiteElo "1800"]
[BlackElo "1800"]
[PlyCount "112"]
[EventDate "2011.??.??"]
[EventType "tourn (corr)"]
[EventRounds "6"]
[SourceTitle "Corr 2013"]
[Source "ChessBase"]
[SourceDate "2012.11.12"]
[SourceVersion "1"]
[SourceVersionDate "2012.11.12"]
[SourceQuality "1"]

1. e4 c5 2. Nf3 d6 3. d4 cxd4 4. Nxd4 Nf6 5. Nc3 a6 6. Be3 e5 7. Nb3 Be6 8. f3 h5 9. Nd5 Bxd5 10. exd5 g6 11. Qd2 Nbd7 12. Na5 Qc7 13. Be2 Bg7 14. 0-0-0 0-0 15. Kb1 Rac8 16. Rc1 Nc5 17. c4 e4 18. b4 Ncd7 19. h3 exf3 20. gxf3 Ne5 21. Bd4 b6 22. Nb3 Qd7 23. Bxb6 Qf5+ 24. Qc2 Qf4 25. Rhd1 Rfe8 26. a3 Bh6 27. c5 Ned7 28. Ba5 dxc5 29. d6 cxb4 30. Qxc8 Rxc8 31. Rxc8+ Bf8 32. Bxb4 Qf5+ 33. Ka2 Qxh3 34. Bxa6 Qxf3 35. Rd2 h4 36. Nc5 h3 37. Bb5 Nxc5 38. Bxc5 h2 39. Rxh2 Qd5+ 40. Ka1 Kg7 41. Rc2 Bxd6 42. Bxd6 Qxd6 43. a4 g5 44. Kb2 g4 45. R8c4 Qe5+ 46. Kb1 Ne4 47. Bc6 Nf2 48. Rd2 g3 49. Bg2 Qe6 50. Rc3 Ne4 51. Bxe4 Qxe4+ 52. Rcc2 f5 53. Kc1 f4 54. Rd6 Qb7 55. Rcd2 Qh1+ 56. Rd1 g2 0-1